<?xml version="1.0" encoding="UTF-8"?>
<record
    xmlns:xsi="http://www.w3.org/2001/XMLSchema-instance"
    xsi:schemaLocation="http://www.loc.gov/MARC21/slim http://www.loc.gov/standards/marcxml/schema/MARC21slim.xsd"
    xmlns="http://www.loc.gov/MARC21/slim">

  <leader>00475nam a2200181   4500</leader>
  <controlfield tag="003">SEACOMEC</controlfield>
  <controlfield tag="005">20240523151851.0</controlfield>
  <controlfield tag="008">240523b        |||||||| |||| 00| 0 eng d</controlfield>
  <datafield tag="020" ind1=" " ind2=" ">
    <subfield code="a"> 8185719825</subfield>
    <subfield code="c">125.00</subfield>
  </datafield>
  <datafield tag="040" ind1=" " ind2=" ">
    <subfield code="a">SEACOMEC</subfield>
  </datafield>
  <datafield tag="082" ind1=" " ind2=" ">
    <subfield code="a">620.004</subfield>
    <subfield code="b">R161</subfield>
  </datafield>
  <datafield tag="100" ind1=" " ind2=" ">
    <subfield code="a"> Rajput, R.K</subfield>
  </datafield>
  <datafield tag="245" ind1="1" ind2=" ">
    <subfield code="a">Engineering  measurements and instrumentation</subfield>
    <subfield code="c">R.K Rajput</subfield>
  </datafield>
  <datafield tag="250" ind1=" " ind2=" ">
    <subfield code="a">4th ed.</subfield>
  </datafield>
  <datafield tag="260" ind1=" " ind2=" ">
    <subfield code="a"> Delhi </subfield>
    <subfield code="b"> S. K. Kataria </subfield>
    <subfield code="c">2004</subfield>
  </datafield>
  <datafield tag="650" ind1=" " ind2=" ">
    <subfield code="a"> INSTRUMENTATION</subfield>
  </datafield>
  <datafield tag="942" ind1=" " ind2=" ">
    <subfield code="c">BOOK</subfield>
  </datafield>
  <datafield tag="952" ind1=" " ind2=" ">
    <subfield code="0">0</subfield>
    <subfield code="1">0</subfield>
    <subfield code="2">ddc</subfield>
    <subfield code="4">0</subfield>
    <subfield code="7">0</subfield>
    <subfield code="a">SEACOMEC</subfield>
    <subfield code="b">SEACOMEC</subfield>
    <subfield code="d">2008-01-24</subfield>
    <subfield code="l">0</subfield>
    <subfield code="o">620.004 R161</subfield>
    <subfield code="p">9294</subfield>
    <subfield code="r">2024-05-23 15:19:21</subfield>
    <subfield code="w">2024-05-23</subfield>
    <subfield code="y">BOOK</subfield>
  </datafield>
  <datafield tag="952" ind1=" " ind2=" ">
    <subfield code="0">0</subfield>
    <subfield code="1">0</subfield>
    <subfield code="2">ddc</subfield>
    <subfield code="4">0</subfield>
    <subfield code="7">0</subfield>
    <subfield code="a">SEACOMEC</subfield>
    <subfield code="b">SEACOMEC</subfield>
    <subfield code="d">2008-01-25</subfield>
    <subfield code="l">0</subfield>
    <subfield code="o">620.004 R161</subfield>
    <subfield code="p">9295</subfield>
    <subfield code="r">2024-05-23 15:19:52</subfield>
    <subfield code="t">1</subfield>
    <subfield code="w">2024-05-23</subfield>
    <subfield code="y">BOOK</subfield>
  </datafield>
  <datafield tag="952" ind1=" " ind2=" ">
    <subfield code="0">0</subfield>
    <subfield code="1">0</subfield>
    <subfield code="2">ddc</subfield>
    <subfield code="4">0</subfield>
    <subfield code="7">0</subfield>
    <subfield code="a">SEACOMEC</subfield>
    <subfield code="b">SEACOMEC</subfield>
    <subfield code="d">2008-01-25</subfield>
    <subfield code="l">1</subfield>
    <subfield code="o">620.004 R161</subfield>
    <subfield code="p">9296</subfield>
    <subfield code="q">2026-04-24</subfield>
    <subfield code="r">2026-04-10 11:44:08</subfield>
    <subfield code="s">2026-04-10</subfield>
    <subfield code="t">2</subfield>
    <subfield code="w">2024-05-23</subfield>
    <subfield code="y">BOOK</subfield>
  </datafield>
  <datafield tag="952" ind1=" " ind2=" ">
    <subfield code="0">0</subfield>
    <subfield code="1">0</subfield>
    <subfield code="2">ddc</subfield>
    <subfield code="4">0</subfield>
    <subfield code="7">0</subfield>
    <subfield code="a">SEACOMEC</subfield>
    <subfield code="b">SEACOMEC</subfield>
    <subfield code="d">2008-01-25</subfield>
    <subfield code="l">0</subfield>
    <subfield code="o">620.004 R161</subfield>
    <subfield code="p">9297</subfield>
    <subfield code="r">2024-05-23 15:19:52</subfield>
    <subfield code="t">3</subfield>
    <subfield code="w">2024-05-23</subfield>
    <subfield code="y">BOOK</subfield>
  </datafield>
  <datafield tag="952" ind1=" " ind2=" ">
    <subfield code="0">0</subfield>
    <subfield code="1">0</subfield>
    <subfield code="2">ddc</subfield>
    <subfield code="4">0</subfield>
    <subfield code="7">0</subfield>
    <subfield code="a">SEACOMEC</subfield>
    <subfield code="b">SEACOMEC</subfield>
    <subfield code="d">2008-01-25</subfield>
    <subfield code="l">0</subfield>
    <subfield code="o">620.004 R161</subfield>
    <subfield code="p">9298</subfield>
    <subfield code="r">2024-05-23 15:19:52</subfield>
    <subfield code="t">4</subfield>
    <subfield code="w">2024-05-23</subfield>
    <subfield code="y">BOOK</subfield>
  </datafield>
  <datafield tag="999" ind1=" " ind2=" ">
    <subfield code="c">1202</subfield>
    <subfield code="d">1202</subfield>
  </datafield>
</record>
